Animals of the world / (Record no. 111151)
[ view plain ]
| 000 -LEADER | |
|---|---|
| fixed length control field | 00676nam a2200205 a 4500 |
| 001 - CONTROL NUMBER | |
| control field | 1533 |
| 005 - DATE AND TIME OF LATEST TRANSACTION | |
| control field | 20140414131910.0 |
| 008 - FIXED-LENGTH DATA ELEMENTS--GENERAL INFORMATION | |
| fixed length control field | 001214s19uu xx 00 eng d |
| 020 ## - INTERNATIONAL STANDARD BOOK NUMBER | |
| International Standard Book Number | 0-7235-4112-4 |
| 050 ## - LIBRARY OF CONGRESS CALL NUMBER | |
| Classification number | ER |
| Item number | An5 1990 |
| 100 ## - MAIN ENTRY--PERSONAL NAME | |
| Personal name | Whiteford, Rhona |
| 245 ## - TITLE STATEMENT | |
| Title | Animals of the world / |
| Statement of responsibility, etc | written by Rhona Whiteford & James Fitzsimmons. |
| 260 ## - PUBLICATION, DISTRIBUTION, ETC. (IMPRINT) | |
| Place of publication, distribution, etc | Manchester : |
| Name of publisher, distributor, etc | World, |
| Date of publication, distribution, etc | 1990. |
| 300 ## - PHYSICAL DESCRIPTION | |
| Extent | 25 p. : ill. ; cm. |
| 440 ## - SERIES STATEMENT/ADDED ENTRY--TITLE | |
| Title | Little owl easy learners |
| 520 ## - SUMMARY, ETC. | |
| Summary, etc | A series of fact finders these books lay the foundations for an active and questioning mind in the years ahead. |
| 650 ## - SUBJECT ADDED ENTRY--TOPICAL TERM | |
| Topical term or geographic name as entry element | Animals |
| General subdivision | Juvenile literature. |
| Withdrawn status | Lost status | Damaged status | Use restrictions | Home library | Current library | Shelving location | Date acquired | Source of acquisition | Total Checkouts | Full call number | Barcode | Date last seen | Price effective from | Koha item type |
|---|---|---|---|---|---|---|---|---|---|---|---|---|---|---|
| Munich Library | Munich Library | Easy Reading Section | 12/21/2004 | ER An5 1990 | M1736 | 04/14/2014 | 04/14/2014 | Books | ||||||
| Munich Library | Munich Library | Easy Reading Section | 10/26/2010 | ER An5 1990 | M2981 | 04/14/2014 | 04/14/2014 | Books |